[Event "Piestany Slovakia op"]
[Site "Piestany"]
[Date "2021.07.13"]
[Round "4"]
[White "Babirat, Michal"]
[Black "Brnusak, Tomas"]
[Result "0-1"]
[WhiteElo "1868"]
[BlackElo "2095"]
[PlyCount "94"]
[EventDate "2021.07.10"]
[EventType "swiss"]
[EventRounds "9"]
[EventCountry "SVK"]
[SourceTitle "CBM 203 Extra"]
[Source "ChessBase"]
[SourceDate "2021.09.30"]
[SourceVersion "1"]
[SourceVersionDate "2021.09.30"]
[SourceQuality "1"]

1. c4 e6 2. Nc3 d5 3. d4 c6 4. Nf3 dxc4 5. e3 b5 6. a4 Bb4 7. Ne5 Bb7 8. Bd2 a6 9. b3 cxb3 10. Qxb3 Bd6 11. Ne4 Nf6 12. Nxd6+ Qxd6 13. Bb4 Qd5 14. Qxd5 Nxd5 15. Ba5 Nd7 16. Nd3 0-0 17. Be2 Rfe8 18. e4 N5f6 19. e5 Nd5 20. Kd2 Ne7 21. Nc5 Nxc5 22. dxc5 Nd5 23. Bf3 f6 24. Bxd5 exd5 25. exf6 gxf6 26. Rhe1 Kf7 27. g4 h5 28. f3 hxg4 29. fxg4 Rxe1 30. Rxe1 Rh8 31. Bc7 Bc8 32. Rg1 bxa4 33. g5 fxg5 34. Rxg5 Rh3 35. Bg3 Be6 36. Re5 d4 37. Re4 a3 38. Rxd4 Rh5 39. Bd6 a2 40. Rf4+ Kg6 41. Ra4 Rh4 42. Rxa6 Kf6 43. Ra7 Rb4 44. Be7+ Kf5 45. Bf8 Rg4 46. Ra3 Rg1 47. Rf3+ Kg6 0-1

[Event "Piestany Slovakia op"]
[Site "Piestany"]
[Date "2021.07.11"]
[Round "2"]
[White "Sankova, Stella"]
[Black "Babirat, Michal"]
[Result "1-0"]
[WhiteElo "2126"]
[BlackElo "1868"]
[PlyCount "51"]
[EventDate "2021.07.10"]
[EventType "swiss"]
[EventRounds "9"]
[EventCountry "SVK"]
[SourceTitle "CBM 203 Extra"]
[Source "ChessBase"]
[SourceDate "2021.09.30"]
[SourceVersion "1"]
[SourceVersionDate "2021.09.30"]
[SourceQuality "1"]

1. e4 c5 2. Nc3 Nc6 3. f4 d6 4. Nf3 g6 5. Bb5 Bg7 6. Bxc6+ bxc6 7. d3 Rb8 8. 0-0 Nf6 9. Qe1 0-0 10. Qh4 e6 11. f5 Nh5 12. Bg5 Bf6 13. fxg6 fxg6 14. g4 Bxg5 15. Nxg5 Rxf1+ 16. Rxf1 h6 17. Qf2 hxg5 18. Qf7+ Kh8 19. gxh5 Qg8 20. hxg6 Rb7 21. Qf6+ Rg7 22. h4 Qe8 23. h5 Kg8 24. e5 dxe5 25. Ne4 Qe7 26. Qxe5 1-0

[Event "SVK-chT2A 1819"]
[Site "Slovakia"]
[Date "2018.12.16"]
[Round "6.8"]
[White "Babirat, Michal"]
[Black "Stevik, Patrik1"]
[Result "1/2-1/2"]
[WhiteElo "1882"]
[BlackElo "1908"]
[PlyCount "59"]
[EventDate "2018.10.13"]
[EventType "team-tourn"]
[EventRounds "11"]
[EventCountry "SVK"]
[SourceTitle "CBM 189 Extra"]
[Source "ChessBase"]
[SourceDate "2019.05.31"]
[SourceVersion "1"]
[SourceVersionDate "2019.05.31"]
[SourceQuality "1"]
[WhiteTeam "Trnava Lokomotiva"]
[BlackTeam "Modra II"]
[WhiteTeamCountry "SVK"]
[BlackTeamCountry "SVK"]

1. c4 Nf6 2. Nc3 g6 3. d4 Bg7 4. e4 d6 5. Nf3 0-0 6. Be2 c6 7. 0-0 Nbd7 8. Bf4 Nh5 9. Be3 e5 10. dxe5 Nxe5 11. Nxe5 Bxe5 12. Bxh5 Qh4 13. g3 Qxh5 14. Qxh5 gxh5 15. Rac1 Be6 16. b3 Kh8 17. f4 Bf6 18. f5 Bc8 19. Bf4 Re8 20. Bxd6 Bd4+ 21. Kh1 Bxc3 22. Rxc3 Rxe4 23. Rd3 b5 24. cxb5 cxb5 25. Bc5 Bb7 26. Kg1 Re2 27. Rf2 Re1+ 28. Rf1 Re2 29. Rf2 Re1+ 30. Rf1 1/2-1/2

[Event "SVK-chT3A2 1819"]
[Site "Slovakia"]
[Date "2018.12.09"]
[Round "5.2"]
[White "Babirat, Michal"]
[Black "Bango, Dominik"]
[Result "1-0"]
[WhiteElo "1834"]
[BlackElo "1857"]
[PlyCount "113"]
[EventDate "2018.10.07"]
[EventType "team-tourn"]
[EventRounds "11"]
[EventCountry "SVK"]
[SourceTitle "EXT 2020"]
[Source "ChessBase"]
[SourceDate "2019.10.17"]
[SourceVersion "1"]
[SourceVersionDate "2019.10.17"]
[SourceQuality "1"]
[WhiteTeam "Trnava Lokomotiva III"]
[BlackTeam "Modranka Komplet"]
[WhiteTeamCountry "SVK"]
[BlackTeamCountry "SVK"]

1. c4 e6 2. d4 d5 3. Nf3 Nf6 4. Bg5 Be7 5. e3 0-0 6. Nc3 Nbd7 7. a3 b6 8. cxd5 Nxd5 9. Bxe7 Qxe7 10. Nxd5 exd5 11. Bd3 Bb7 12. Rc1 c5 13. 0-0 Rac8 14. Qa4 a6 15. Bf5 b5 16. Qa5 c4 17. a4 Qd8 18. Qb4 Bc6 19. axb5 Bxb5 20. Rc3 Rb8 21. Qa3 Nb6 22. Ra1 Nc8 23. Bxc8 Rxc8 24. b3 Qb6 25. bxc4 Rxc4 26. Ne5 Ra4 27. Qc1 Rxa1 28. Qxa1 f6 29. Nd3 Bxd3 30. Rxd3 Rc8 31. g3 Qb5 32. Ra3 Rc6 33. Ra5 Qc4 34. Kg2 Rb6 35. Qa3 Kf7 36. Rc5 Qe2 37. Rc7+ Kg6 38. Qe7 Kf5 39. Qxg7 Qh5 40. Qxh7+ Qxh7 41. Rxh7 Ke4 42. h4 f5 43. Re7+ Kd3 44. Kf3 Kc3 45. Kf4 Rb2 46. Rc7+ Kd3 47. Kf3 a5 48. Rc5 a4 49. Rxd5 a3 50. Rxf5 Kc3 51. Ra5 a2 52. g4 Kb3 53. h5 Rb1 54. g5 a1Q 55. Rxa1 Rxa1 56. h6 Rh1 57. d5 1-0

[Event "SVK-chT3A2 1617"]
[Site "Slovakia"]
[Date "2017.02.19"]
[Round "9.6"]
[White "Kastler, Peter"]
[Black "Babirat, Michal"]
[Result "1/2-1/2"]
[WhiteElo "1752"]
[BlackElo "1815"]
[PlyCount "63"]
[EventDate "2016.10.16"]
[EventType "team-tourn"]
[EventRounds "11"]
[EventCountry "SVK"]
[SourceTitle "EXT 2020"]
[Source "ChessBase"]
[SourceDate "2019.10.17"]
[SourceVersion "1"]
[SourceVersionDate "2019.10.17"]
[SourceQuality "1"]
[WhiteTeam "Gbely Nafta"]
[BlackTeam "Trnava Lokomotiva III"]
[WhiteTeamCountry "SVK"]
[BlackTeamCountry "SVK"]

1. d4 Nf6 2. c4 e6 3. Nc3 Bb4 4. Bd2 c5 5. Nf3 Nc6 6. e3 cxd4 7. Nxd4 0-0 8. Be2 Nxd4 9. exd4 d5 10. cxd5 Nxd5 11. Nxd5 Bxd2+ 12. Qxd2 Qxd5 13. Bf3 Qd6 14. Qc3 Rd8 15. Rd1 Rb8 16. 0-0 b6 17. Rd2 Ba6 18. Rfd1 Rbc8 19. Qe3 Rc7 20. Be2 Bb7 21. Qe5 Rcd7 22. Qxd6 Rxd6 23. f4 f6 24. Kf2 e5 25. fxe5 fxe5 26. d5 Kf8 27. Bf3 Ke7 28. Ke3 Rc8 29. Be4 g6 30. Rf2 Rf8 31. Rxf8 Kxf8 32. Bf3 1/2-1/2

[Event "EU Amateur-ch"]
[Site "Ruzomberok"]
[Date "2016.06.11"]
[Round "8"]
[White "Liska, Jaroslav"]
[Black "Babirat, Michal"]
[Result "1/2-1/2"]
[WhiteElo "1904"]
[BlackElo "1817"]
[PlyCount "123"]
[EventDate "2016.06.06"]
[EventType "swiss"]
[EventRounds "9"]
[EventCountry "SVK"]
[SourceTitle "CBM 172 Extra"]
[Source "ChessBase"]
[SourceDate "2016.06.21"]
[SourceVersion "1"]
[SourceVersionDate "2016.06.21"]
[SourceQuality "1"]

1. e4 c5 2. Nf3 d6 3. d4 cxd4 4. Nxd4 Nf6 5. Nc3 g6 6. Be2 Bg7 7. Be3 0-0 8. 0-0 Nc6 9. Nb3 a6 10. a4 Bd7 11. f4 Rc8 12. h3 Nb4 13. Bf3 Bc6 14. a5 e6 15. Qd2 d5 16. Bc5 dxe4 17. Bxf8 Qxd2 18. Nxd2 Kxf8 19. Ndxe4 Nxc2 20. Rac1 Nd4 21. Nxf6 Nxf3+ 22. gxf3 Bxf6 23. Rcd1 Rd8 24. Rxd8+ Bxd8 25. Kg2 Bxa5 26. Rd1 Ke7 27. Ne4 Bb6 28. b4 Bd5 29. Rc1 Bc6 30. Nc5 Kd6 31. Rd1+ Ke7 32. Ne4 Bd5 33. Nc3 Bc6 34. b5 axb5 35. Rb1 b4 36. Rxb4 Ba5 37. Rb3 Bxc3 38. Rxc3 h5 39. h4 Kf6 40. Rc5 Ke7 41. Kf2 Kd6 42. Ra5 Kc7 43. Ra8 Kd7 44. Ke3 Bd5 45. Kd4 Bxf3 46. Ke5 Ke7 47. Rc8 f6+ 48. Kd4 Kd6 49. Rg8 e5+ 50. Ke3 Bg4 51. Rxg6 exf4+ 52. Kxf4 Ke6 53. Rg7 b5 54. Rb7 Be2 55. Ke3 Bc4 56. Rh7 Kf5 57. Rxh5+ Kg4 58. Rh8 f5 59. h5 Kg5 60. h6 Kg6 61. h7 Kg7 62. Rf8 1/2-1/2

[Event "SVK-chT4 A22 1516"]
[Site "Slovakia"]
[Date "2016.02.28"]
[Round "9.1"]
[White "Csefalvay, Stefan"]
[Black "Babirat, Michal"]
[Result "0-1"]
[WhiteElo "1847"]
[BlackElo "1801"]
[PlyCount "140"]
[EventDate "2015.10.04"]
[EventType "team-tourn"]
[EventRounds "11"]
[EventCountry "SVK"]
[SourceTitle "EXT 2020"]
[Source "ChessBase"]
[SourceDate "2019.10.17"]
[SourceVersion "1"]
[SourceVersionDate "2019.10.17"]
[SourceQuality "1"]

1. Nf3 c5 2. c4 g6 3. Nc3 Bg7 4. g3 e6 5. d4 cxd4 6. Nxd4 a6 7. e3 Nc6 8. Bg2 Nge7 9. 0-0 0-0 10. Nde2 Qc7 11. e4 Rd8 12. Bf4 d6 13. Rc1 Rb8 14. Qd2 Be5 15. Rfd1 Bxf4 16. Qxf4 Kg7 17. h3 b6 18. b3 Bb7 19. Rd2 Rd7 20. Rcd1 Rbd8 21. Qe3 Nc8 22. h4 h5 23. Nf4 Ne5 24. Nd3 Ng4 25. Qe2 Nf6 26. Qe3 Ne7 27. Na4 Nc8 28. Nc3 Ne7 29. Na4 Nc8 30. Nc3 Ne7 31. Bf3 Nc8 32. Qf4 Na7 33. Qg5 Nh7 34. Qe3 Nf6 35. Na4 Nc8 36. Nf4 b5 37. cxb5 axb5 38. Nc3 Qa5 39. Be2 b4 40. Nb5 Nxe4 41. Rc2 Ne7 42. Qc1 Qb6 43. Bc4 d5 44. Qb2+ f6 45. Bd3 e5 46. Nh3 Bc6 47. Bxe4 dxe4 48. Rxd7 Rxd7 49. a4 Rd1+ 50. Kh2 e3 51. Ng1 exf2 52. Rxf2 Bxb5 53. axb5 Qxb5 54. Qc2 Qd3 55. Qc7 Kf7 56. Qb6 Qd4 57. Qxf6+ Ke8 58. Qf7+ Kd7 59. Qf3 e4 60. Qf4 e3 61. Re2 Qxf4 62. gxf4 Rd2 63. Kg3 Rd3 64. Nf3 Rxb3 65. Ne5+ Ke6 66. Nc4 Nf5+ 67. Kh3 Kd5 68. Ne5 Ke4 69. Nxg6 Kf3 70. Re1 Kf2 0-1

[Event "SVK-chT4 A22 1516"]
[Site "Slovakia"]
[Date "2015.10.04"]
[Round "1.5"]
[White "Hornak, Pavol"]
[Black "Babirat, Michal"]
[Result "0-1"]
[WhiteElo "1789"]
[BlackElo "1768"]
[PlyCount "86"]
[EventDate "2015.10.04"]
[EventType "team-tourn"]
[EventRounds "11"]
[EventCountry "SVK"]
[SourceTitle "EXT 2020"]
[Source "ChessBase"]
[SourceDate "2019.10.17"]
[SourceVersion "1"]
[SourceVersionDate "2019.10.17"]
[SourceQuality "1"]

1. d4 Nf6 2. c4 e6 3. g3 d5 4. Nf3 Be7 5. Bg2 0-0 6. 0-0 Nbd7 7. b3 c5 8. e3 b6 9. Bb2 Bb7 10. Nbd2 Rc8 11. Qe2 Qc7 12. Rac1 Qb8 13. Rfd1 Rfd8 14. cxd5 Nxd5 15. dxc5 Nxc5 16. Nc4 Ba6 17. Nfe5 Bf6 18. e4 Bxe5 19. Bxe5 Qxe5 20. Nxe5 Bxe2 21. Rd2 Nc3 22. Rdc2 Nxa2 23. Rxa2 Nd3 24. Rxc8 Rxc8 25. Nc4 b5 26. Ne3 Nc1 27. Rb2 Rc3 28. b4 g6 29. e5 Rb3 30. Rc2 Rb1 31. f3 Nd3+ 32. Bf1 Bxf1 33. Nxf1 Nxe5 34. f4 Nc4 35. Re2 Rxb4 36. g4 a5 37. g5 a4 38. Ng3 Rb1+ 39. Kf2 Rb2 40. Ne4 Rxe2+ 41. Kxe2 a3 42. Nc3 b4 43. Na2 b3 0-1

[Event "SVK-chT4 A22 1415"]
[Site "Slovakia"]
[Date "2015.03.01"]
[Round "10.1"]
[White "Babirat, Michal"]
[Black "Csefalvay, Stefan"]
[Result "1/2-1/2"]
[WhiteElo "1765"]
[BlackElo "1831"]
[PlyCount "61"]
[EventDate "2014.10.12"]
[EventType "team-tourn"]
[EventRounds "11"]
[EventCountry "SVK"]
[SourceTitle "EXT 2019"]
[Source "ChessBase"]
[SourceDate "2018.10.10"]
[SourceVersion "1"]
[SourceVersionDate "2018.10.10"]
[SourceQuality "1"]

1. c4 Nf6 2. Nc3 c5 3. g3 Nc6 4. Bg2 e6 5. e4 d6 6. Nge2 Nd4 7. d3 Be7 8. Be3 e5 9. 0-0 0-0 10. Nd5 Nxd5 11. exd5 Bg4 12. f3 Nxe2+ 13. Qxe2 Bd7 14. f4 Bf6 15. f5 Bg5 16. Qd2 Bxe3+ 17. Qxe3 f6 18. g4 b5 19. b3 Qe7 20. Be4 b4 21. h4 h6 22. h5 Rfb8 23. Bf3 a5 24. a4 bxa3 25. Rxa3 Rb4 26. Rfa1 Qd8 27. Bd1 Rb7 28. Qd2 Rba7 29. Kf2 Qb6 30. Ke3 Kf7 31. Ke4 1/2-1/2

[Event "SVK-chT4 A22 1415"]
[Site "Slovakia"]
[Date "2014.11.09"]
[Round "3.3"]
[White "Horecky, Peter"]
[Black "Babirat, Michal"]
[Result "1-0"]
[WhiteElo "1985"]
[BlackElo "1765"]
[PlyCount "65"]
[EventDate "2014.10.12"]
[EventType "team-tourn"]
[EventRounds "11"]
[EventCountry "SVK"]
[SourceTitle "EXT 2019"]
[Source "ChessBase"]
[SourceDate "2018.10.10"]
[SourceVersion "1"]
[SourceVersionDate "2018.10.10"]
[SourceQuality "1"]

1. d4 Nf6 2. c4 e6 3. e3 b6 4. Nf3 Bb7 5. Bd3 d5 6. 0-0 Nbd7 7. b3 Be7 8. Bb2 0-0 9. Nbd2 Ne4 10. Qc2 Ndf6 11. Ne5 Nxd2 12. Qxd2 Ne4 13. Qc2 f6 14. f3 fxe5 15. fxe4 Rxf1+ 16. Rxf1 dxc4 17. Bxc4 Qd7 18. d5 exd5 19. exd5 Bd6 20. Bd3 Bxd5 21. Bxh7+ Kh8 22. Bg6 Qg4 23. Bf5 Qg5 24. e4 Bf7 25. Bc1 Qe7 26. Qd3 Qh4 27. Bd2 Bh5 28. Be1 Qg5 29. Qh3 g6 30. Bh4 Bc5+ 31. Kh1 Qe3 32. Bf6+ Kh7 33. Qxh5+ 1-0

[Event "SVK-chT4 A22 1415"]
[Site "Slovakia"]
[Date "2014.10.12"]
[Round "1.2"]
[White "Babirat, Michal"]
[Black "Gogora, Kristian"]
[Result "1-0"]
[WhiteElo "1765"]
[BlackElo "1528"]
[PlyCount "96"]
[EventDate "2014.10.12"]
[EventType "team-tourn"]
[EventRounds "11"]
[EventCountry "SVK"]
[SourceTitle "EXT 2019"]
[Source "ChessBase"]
[SourceDate "2018.10.10"]
[SourceVersion "1"]
[SourceVersionDate "2018.10.10"]
[SourceQuality "1"]

1. c4 e5 2. Nc3 Nf6 3. g3 c6 4. Bg2 d5 5. cxd5 cxd5 6. d3 Be6 7. f4 Nc6 8. fxe5 Nxe5 9. d4 Nc6 10. Nh3 Bb4 11. 0-0 0-0 12. Bg5 Be7 13. Nf4 Qd7 14. Qd2 h6 15. Nxe6 fxe6 16. Bf4 Rf7 17. h3 Bd6 18. e3 Rc8 19. Rac1 Nh5 20. Ne2 Nxf4 21. gxf4 Ne7 22. Rxc8+ Qxc8 23. Rc1 Qd7 24. Kf2 Nf5 25. Ng1 Be7 26. Nf3 Nh4 27. Ne5 Qd8 28. Nxf7 Kxf7 29. Qc2 Nf5 30. Qc7 Nd6 31. Qxd8 Bxd8 32. Bf1 Kf6 33. Bd3 g5 34. Kf3 h5 35. Rg1 gxf4 36. Kxf4 Kf7 37. Rf1 Kg7 38. Kg3 Bf6 39. Kf3 Nf7 40. Rc1 Ng5+ 41. Kg2 Bd8 42. Rc8 Ba5 43. Rb8 b6 44. Rb7+ Kf6 45. h4 Nf7 46. Be2 Bd2 47. Bxh5 Nd6 48. Rd7 Nf5 1-0

[Event "SVK-chT4 A22 1314"]
[Site "Slovakia"]
[Date "2014.03.09"]
[Round "10.6"]
[White "Janas, Peter"]
[Black "Babirat, Michal"]
[Result "1-0"]
[WhiteElo "1707"]
[BlackElo "1780"]
[PlyCount "43"]
[EventDate "2013.10.06"]
[EventType "team-tourn"]
[EventRounds "11"]
[EventCountry "SVK"]
[SourceTitle "EXT 2015"]
[Source "ChessBase"]
[SourceDate "2014.11.20"]
[SourceVersion "1"]
[SourceVersionDate "2014.11.20"]
[SourceQuality "1"]
[WhiteTeam "Hlohovec II"]
[BlackTeam "Trnava Lokomotiva V"]
[WhiteTeamCountry "SVK"]
[BlackTeamCountry "SVK"]

1. Nf3 c5 2. d4 cxd4 3. Nxd4 d5 4. g3 e5 5. Nb3 Nc6 6. Bg2 Be6 7. c3 Be7 8. 0-0 Nf6 9. Bg5 h6 10. Bxf6 Bxf6 11. Nc5 b6 12. Nxe6 fxe6 13. c4 e4 14. Nc3 Bxc3 15. bxc3 Ne5 16. Qd4 Nxc4 17. Qxg7 Rf8 18. Qxh6 Qe7 19. Qg6+ Rf7 20. Bh3 Kd7 21. Rad1 e3 22. Rxd5+ 1-0

[Event "SVK-chT4 A22 1314"]
[Site "Slovakia"]
[Date "2014.01.26"]
[Round "7.2"]
[White "Babirat, Michal"]
[Black "Puobis, Jozef"]
[Result "0-1"]
[WhiteElo "1780"]
[BlackElo "1857"]
[PlyCount "112"]
[EventDate "2013.10.06"]
[EventType "team-tourn"]
[EventRounds "11"]
[EventCountry "SVK"]
[SourceTitle "EXT 2015"]
[Source "ChessBase"]
[SourceDate "2014.11.20"]
[SourceVersion "1"]
[SourceVersionDate "2014.11.20"]
[SourceQuality "1"]
[WhiteTeam "Trnava Lokomotiva V"]
[BlackTeam "Gabcikovo Russel II"]
[WhiteTeamCountry "SVK"]
[BlackTeamCountry "SVK"]

1. c4 e5 2. Nc3 Nf6 3. g3 Nc6 4. Bg2 Be7 5. e3 0-0 6. Nge2 d6 7. 0-0 Bf5 8. d3 Qc8 9. a3 Bh3 10. b4 Qf5 11. Nd5 Nxd5 12. cxd5 Nd8 13. e4 Qd7 14. Bxh3 Qxh3 15. Be3 c5 16. bxc5 dxc5 17. Qc2 b6 18. Qb2 f5 19. Rab1 f4 20. gxf4 Qg4+ 21. Kh1 Qf3+ 22. Kg1 exf4 23. Nxf4 Rxf4 24. Bxf4 Qxf4 25. Qe2 Bd6 26. f3 Nf7 27. Rf2 Ng5 28. Kh1 Rf8 29. Rbf1 Rf6 30. Rg2 Rh6 31. Qd2 Qf6 32. Qxg5 Rxh2+ 33. Kg1 Qd4+ 34. Rgf2 Rh6 35. Qd8+ Bf8 36. Qd7 Rd6 37. Qxa7 Qxd3 38. Qa4 Qe3 39. Qc2 Rg6+ 40. Kh1 Bd6 41. Qd2 Qxa3 42. Qa2 Qe3 43. Qd2 Rh6+ 44. Kg1 Bf4 45. Qe2 Qd4 46. Rd1 Qe5 47. Rg2 Qh5 48. Kf2 Qh4+ 49. Kf1 Qf6 50. Kf2 Rh3 51. Rdg1 Qd4+ 52. Kf1 g6 53. Ke1 Kf7 54. Rg4 Be3 55. Rf1 Qa1+ 56. Qd1 Qc3+ 0-1

[Event "SVK-chT4 A22 1314"]
[Site "Slovakia"]
[Date "2013.10.06"]
[Round "1.5"]
[White "Babirat, Michal"]
[Black "Vlkovic, Pavol"]
[Result "1-0"]
[WhiteElo "1780"]
[BlackElo "1819"]
[PlyCount "97"]
[EventDate "2013.10.06"]
[EventType "team-tourn"]
[EventRounds "11"]
[EventCountry "SVK"]
[SourceTitle "EXT 2015"]
[Source "ChessBase"]
[SourceDate "2014.11.20"]
[SourceVersion "1"]
[SourceVersionDate "2014.11.20"]
[SourceQuality "1"]
[WhiteTeam "Trnava Lokomotiva V"]
[BlackTeam "Cifer II"]
[WhiteTeamCountry "SVK"]
[BlackTeamCountry "SVK"]

1. c4 g6 2. Nc3 Bg7 3. g3 c5 4. Bg2 Nf6 5. e3 0-0 6. Nge2 Nc6 7. 0-0 a6 8. d4 d6 9. b3 Rb8 10. dxc5 dxc5 11. Bxc6 bxc6 12. Qxd8 Rxd8 13. Ba3 Bh3 14. Rfd1 Nd7 15. Rd2 Ne5 16. Rxd8+ Rxd8 17. Rd1 Re8 18. Bxc5 Nf3+ 19. Kh1 h5 20. Nf4 Bg4 21. h3 Bc8 22. Kg2 Bxc3 23. Kxf3 e5 24. Ne2 Ba5 25. Kg2 g5 26. e4 Kg7 27. f3 Be6 28. g4 h4 29. Kf2 Bc7 30. Rd3 a5 31. Nc3 Rb8 32. Na4 Kg6 33. Ke2 Ra8 34. Kd2 Rb8 35. Kc3 Ra8 36. Rd1 Rb8 37. a3 Ra8 38. Rd2 Rb8 39. Bd6 Rc8 40. Nc5 Kf6 41. Nb7 Bb6 42. c5 Bd8 43. Nxd8 Rxd8 44. Bxe5+ Kxe5 45. Rxd8 Kf4 46. b4 axb4+ 47. Kxb4 Kg3 48. a4 Kxh3 49. a5 1-0